Os malefícios da literatura, do amor e da civilização (Registo nº 201151)
[ vista simples ]
| 000 -Etiqueta do registo | |
|---|---|
| Valores | 00602nam 22001693 4500 |
| 100 ## - Dados gerais de processamento | |
| Dados gerais | 20260311d u||y0pory50 ba |
| 200 ## - Titulo e menção de responsabilidade | |
| Título próprio | Os malefícios da literatura, do amor e da civilização |
| Informação de outro título | ensaios sobre Camilo Castelo Branco |
| Primeira menção de responsabilidade | João Camilo dos Santos |
| 210 ## - Publicação | |
| Local de publicação | Lisboa |
| Nome do editor | Fim de Século Edições |
| Data de publicação | 1992 |
| 215 ## - Descrição física | |
| Paginação / Volumes | 145 p. |
| Outras indicações físicas | brochado |
| Dimensões | 24 cm |
| 606 ## - Nome comum usado como assunto | |
| ID Autoridade | 3661 |
| Palavra de ordem | Crítica Literária.Estudos Literários |
| 675 ## - CDU | |
| Notação | 82.09 |
| Edição | PT |
| Língua | por |
| 700 ## - Autor principal (pessoa individual) | |
| Apelido | Santos |
| Nome | João Camilo |
| -- | Poeta e ensaísta |
| Datas | 1943- |
| ID Autoridade | 16782 |
| 801 ## - Fonte de origem | |
| País | PT |
| Agência | BMMN |
| Regras de catalogação | RPC |
| 830 ## - Notas gerais do catalogador | |
| Criado por | Fernando |
| Indexado por | Fernando |
| 990 ## - Elementos KOHA | |
| Tipo de documento | Livro |
| Situação do levantamento | Biblioteca de origem | Código de barras | Cota | Permissão de empréstimo | Tipo de documento | Forma de aquisição |
|---|---|---|---|---|---|---|
| Biblioteca Municipal de Montemor-o-Novo | 30439 | 82.09 SAN|DEP | Livro | Compra |